ՀՀ Գիտությունների ազգային ակադեմիայի հիմնարար գիտական գրադարան  =   Fundamental Scientific Library of NAS RA

Происхождение жизни : (Record no. 54349)

MARC details
000 -LEADER
fixed length control field 00985nam a2200265 a 4500
001 - CONTROL NUMBER
control field 000159065
003 - CONTROL NUMBER IDENTIFIER
control field AM-YeHGA
005 - DATE AND TIME OF LATEST TRANSACTION
control field 20250617123231.0
008 - FIXED-LENGTH DATA ELEMENTS--GENERAL INFORMATION
fixed length control field 981025s1977 ru |||||||||||||||||rus|d
040 ## - CATALOGING SOURCE
Original cataloging agency AM-YeHGA
041 1# - LANGUAGE CODE
Language code of text/sound track or separate title rus
Language code of original eng
090 ## - LOCALLY ASSIGNED LC-TYPE CALL NUMBER (OCLC); LOCAL CALL NUMBER (RLIN)
-- 55199
100 1# - MAIN ENTRY--PERSONAL NAME
Personal name Поннамперума, С.
245 10 - TITLE STATEMENT
Title Происхождение жизни :
Remainder of title Пер. с англ. /
Statement of responsibility, etc. С. Поннамперума; Пер. И.Ю. Кривцовой и В.А. Отрощенко; Под ред. Г.А. Деборина.
246 15 - VARYING FORM OF TITLE
Title proper/short title The Origins of Life
260 ## - PUBLICATION, DISTRIBUTION, ETC.
Place of publication, distribution, etc. Москва :
Name of publisher, distributor, etc. Мир,
Date of publication, distribution, etc. 1977.
300 ## - PHYSICAL DESCRIPTION
Extent 175 с. :
Other physical details ил. ;
Dimensions 20 см.
440 #0 - SERIES STATEMENT/ADDED ENTRY--TITLE
Title В мире науки и техники
650 14 - SUBJECT ADDED ENTRY--TOPICAL TERM
Topical term or geographic name entry element Общая биология
650 14 - SUBJECT ADDED ENTRY--TOPICAL TERM
Topical term or geographic name entry element Происхождение жизни
700 1# - ADDED ENTRY--PERSONAL NAME
Personal name Кривцова, И.Ю.
Relator term пер.
Relationship trl
700 1# - ADDED ENTRY--PERSONAL NAME
Personal name Отрощенко, В.А.
Relator term пер.
Relationship trl
700 1# - ADDED ENTRY--PERSONAL NAME
Personal name Деборин, Г.А.
Relator term ред.
Relationship edt
942 ## - ADDED ENTRY ELEMENTS (KOHA)
Source of classification or shelving scheme Universal Decimal Classification
Koha item type Գրքեր / Books
Holdings
Withdrawn status Lost status Damaged status Not for loan Collection Home library Current library Date acquired Total checkouts Full call number Barcode Date last seen Price effective from Koha item type Public note
        General Fundamental Scientific Library Fundamental Scientific Library 22/12/2016   РII/413392 FL0428306 22/12/2016 22/12/2016 Գրքեր / Books 30 Days Loan


ՀՀ ԳԱԱ հիմնարար գիտական գրադարան
ՀՀ,Երևան 0019
Մարշալ Բաղրամյան 24/6
հեռախոս:(374-10) 52-47-50
Հետադարձ կապ

All site content, except where otherwise noted, is licensed under a
Creative Commons License